000 00649nam a2200265Ia 4500
005 20250425161926.0
008 250425s9999 xx 000 0 und d
020 _a9802170720
041 _aspa
043 _ave
082 _a614.793
100 _aDIAZ MATALOBOS, ANGEL
245 0 _aEL MANTENIMIENTO DE LOS HOSPITALES DEL ESTADO
250 _aS.E.
260 _aCARACAS
260 _aVenezuela
_bEDICIONES IESA
_c1992
300 _a9
500 _aCASOS DE ESTUDIO IESA No.12
650 _aEQUIPOS
650 _aHOSPITALES
650 _aMANTENIMIENTO INDUSTRIAL
710 _aEDICIONES IESA
942 _c01
010 _a35191
999 _c218997
_d218997